Miasta województwa lubelskiego II RP z mapą - Statystyki

Ogólne statystyki
  • Ten quiz został rozwiązany 17 razy
  • Średni wynik to 25 z 33
Odpowiedzi na mapie
Odpowiedzi zakodowano w zielono-czerwonej skali na mapie do tego quizu, zgodnie z poniższymi procentami.
 
Statystyki odpowiedzi
Miasto % Poprawnych
Chełm
100%
Lublin
100%
Puławy
100%
Zamość
100%
Biała Podlaska
94%
Biłgoraj
94%
Hrubieszów
94%
Janów
94%
Krasnystaw
94%
Łuków
94%
Radzyń
94%
Siedlce
94%
Włodawa
94%
Lubartów
88%
Kraśnik
81%
Łęczna
81%
Parczew
81%
Terespol
81%
Tomaszów Lubelski
81%
Garwolin
75%
Kazimierz Dolny
69%
Kock
69%
Międzyrzec
69%
Ostrów
63%
Sokołów
63%
Szczebrzeszyn
63%
Łosice
56%
Węgrów
56%
Żelechów
56%
Janów Podlaski
50%
Stoczek
50%
Mordy
44%
Dubienka
25%
Nie znaleziono quizów pasujących do podanych kryteriów
Rozkład punktacji
Procent ludzi z każdym wynikiem
Percentyl według liczby udzielonych odpowiedzi
Twoja historia wyników
Nie rozwiązałeś tego quizu